000 01760nam0a2200349 4500
001 RU\NLR\bibl\390984
005 20241118152459.0
020 _aRU
_b03-01201
_9Летопись авторефератов диссертаций
021 _aRU
_b2002-21987а
_9880а
035 _a(NLR Aleph) 000385283
090 _a481255
_c481255
100 _a20030326d2002 u u0rusy50 ca
101 0 _arus
102 _aRU
105 _aa dm |||||
200 1 _aМорфологические аспекты использования дистракционных ауторегенератов для пластики повреждений суставного хряща
_e(Эксперим. исслед.)
_eАвтореф. дис. на соиск. учен. степ. к.м.н.
_eСпец. 14.00.15
_fСнигур Григорий Леонидович
_g[Волгогр. мед. акад.]
210 _aВолгоград
_d2002
215 _a19 с.
_d20
320 _aБиблиогр.: с. 18-19 (14 назв.)
610 0 _aМедицинские науки
675 _a616.72-089.844
_v3
_zrus
686 _a76.29
_2rugasnti
686 _a54.18
_2rubbk
686 _a14.00.15
_2oksvnk
700 1 _aСнигур
_bГ. Л.
_gГригорий Леонидович
801 0 _aRU
_bRKP
_c20030326
_gPSBO
801 1 _aRU
_bRKP
_c20030326
801 2 _aRU
_bNLR
_c20030507
_grcr
901 _eАвторефераты
942 _cBOOK
981 1 0 _a(10) Авторефераты
_b(10) 14.00.00 Медицинские науки
_b14.03.00 Медико-биологические науки
_b14.03.02 Патологическая анатомия